Štúdium podmienok a parametrov termického spájania ocele s termoplastom
Uložené v:
| Hlavný autor: | |
|---|---|
| Ďalší autori: | |
| Médium: | Rukopis Kniha |
| Jazyk: | Slovak |
| Vydavateľské údaje: |
Bratislava :
STU v Bratislave SjF,
2013
|
| Predmet: | |
| On-line prístup: | VAIS |
| Tagy: |
Žiadne tagy, Buďte prvý, kto otaguje tento záznam!
|
MARC
| LEADER | 00000ntm a22000003a 4500 | ||
|---|---|---|---|
| 001 | stu286814 | ||
| 005 | 20150617230254.6 | ||
| 008 | 140321s2013----xo------------------slo-d | ||
| 040 | |a STU |b slo | ||
| 041 | 0 | |a slo | |
| 044 | |a xo | ||
| 100 | 1 | |a Holičová, Eva, |d 1988- |4 aut |u J |T SjF Strojnícka fakulta |X 57676 |U J |Y 20 |7 A000057676 | |
| 242 | 0 | 0 | |a Study of conditions and parameters of thermal bonding of metal with thermoplastic |y eng |
| 245 | 1 | |a Štúdium podmienok a parametrov termického spájania ocele s termoplastom | |
| 260 | |a Bratislava : |b STU v Bratislave SjF, |c 2013 | ||
| 650 | 7 | |a Production Processes and Materials |2 estusub | |
| 650 | 7 | |a surface treatment |2 estusub | |
| 650 | 7 | |a adhesion |2 estusub | |
| 650 | 7 | |a povrchová úprava |2 stusub | |
| 650 | 7 | |a adhézia |2 stusub | |
| 650 | 7 | |a strojárske technológie a materiály |2 stusub | |
| 700 | 1 | |a Belanová, Judita, |d 1958- |4 ths |u J280 |U SjF Ústav technológií a materiálov |T SjF Katedra materiálov a technológií |X 2346 |U J280 |Y 52 |7 A000002346 | |
| 856 | 4 | |a info a plný text |u http://is.stuba.sk/zp/portal_zp.pl?podrobnosti=94905 |3 VAIS | |
| 996 | |b 284J042352 |c J*1348/DP |l JJSK |s A |a 24 |w stu286814_0001 | ||